[Event "Tingo Maria UNAS 77th Anniv"]
[Site "Tingo Maria"]
[Date "2015.10.10"]
[Round "5.5"]
[White "Tanchivar Garcia, Neyla Mikaila"]
[Black "Valdivia Fabian, Joel"]
[Result "0-1"]
[WhiteElo "1534"]
[BlackElo "1650"]
[PlyCount "58"]
[EventDate "2015.10.08"]
[EventType "swiss"]
[EventRounds "7"]
[EventCountry "PER"]
[SourceTitle "EXT 2024"]
[Source "ChessBase"]
[SourceDate "2023.10.10"]
[SourceVersion "1"]
[SourceVersionDate "2023.10.10"]
[SourceQuality "1"]

1. d4 Nf6 2. e3 e6 3. c4 d5 4. c5 Be7 5. f4 Ne4 6. Bd3 f5 7. Nc3 0-0 8. Nf3 Nc6 9. Ne5 Nb4 10. Bd2 Bf6 11. 0-0 Bxe5 12. fxe5 Nxd3 13. Nxe4 fxe4 14. Qh5 Rf5 15. Rxf5 exf5 16. h4 Be6 17. g3 Nxb2 18. Rb1 Nc4 19. Bc1 b6 20. Kg2 bxc5 21. dxc5 g6 22. Qh6 Rb8 23. Rb3 d4 24. Kf2 Nxe5 25. exd4 Ng4+ 26. Kg2 Bxb3 27. Qf4 Qxd4 28. Qxc7 Qf2+ 29. Kh1 Qh2# 0-1

[Event "Tingo Maria UNAS 77th Anniv"]
[Site "Tingo Maria"]
[Date "2015.10.10"]
[Round "6.3"]
[White "Valdivia Fabian, Joel"]
[Black "Villacrez Perez, Jampierry Ander"]
[Result "0-1"]
[WhiteElo "1650"]
[BlackElo "1706"]
[PlyCount "46"]
[EventDate "2015.10.08"]
[EventType "swiss"]
[EventRounds "7"]
[EventCountry "PER"]
[SourceTitle "EXT 2024"]
[Source "ChessBase"]
[SourceDate "2023.10.10"]
[SourceVersion "1"]
[SourceVersionDate "2023.10.10"]
[SourceQuality "1"]

1. e4 c5 2. Nf3 Nc6 3. d4 cxd4 4. Nxd4 Nxd4 5. Qxd4 e6 6. Nc3 b6 7. Bc4 Be7 8. Qxg7 Bf6 9. Qg3 d6 10. Bf4 e5 11. Be3 Be6 12. Nd5 Bxd5 13. Bxd5 Rc8 14. Bb3 Ne7 15. Qf3 Ng6 16. Bg5 Nf4 17. Bxf6 Qxf6 18. g3 Nd5 19. Ba4+ Ke7 20. Qb3 Nc7 21. Bc6 Ne6 22. Qd5 Nd4 23. Ba4 Qf3 0-1

[Event "Tingo Maria UNAS Semana Santa op"]
[Site "Tingo Maria"]
[Date "2014.04.18"]
[Round "4.4"]
[White "Bustamante Malpartida, Nayeli Aleydis Rubi"]
[Black "Valdivia Fabian, Joel"]
[Result "1-0"]
[WhiteElo "1580"]
[BlackElo "1657"]
[PlyCount "47"]
[EventDate "2014.04.17"]
[EventType "swiss"]
[EventRounds "9"]
[EventCountry "PER"]
[SourceTitle "EXT 2024"]
[Source "ChessBase"]
[SourceDate "2023.10.10"]
[SourceVersion "1"]
[SourceVersionDate "2023.10.10"]
[SourceQuality "1"]

1. e4 c5 2. Nf3 d6 3. d4 cxd4 4. Nxd4 Nf6 5. Nc3 a6 6. f4 Nc6 7. Be3 Ng4 8. Nxc6 bxc6 9. Bd2 Qb6 10. Qf3 e5 11. f5 Nf6 12. Bc4 Bb7 13. Bb3 Be7 14. g4 d5 15. g5 dxe4 16. Nxe4 Nd5 17. f6 gxf6 18. gxf6 Bc5 19. Qf5 Kd8 20. 0-0-0 Bc8 21. Qg5 Ke8 22. Nxc5 Qxc5 23. Qxe5+ Kf8 24. Bh6+ 1-0

[Event "Tingo Maria UNAS 4th"]
[Site "Tingo Maria"]
[Date "2013.09.11"]
[Round "11.3"]
[White "Valdivia Fabian, Joel"]
[Black "Barrera Ricra, Victor Hugo"]
[Result "0-1"]
[WhiteElo "1680"]
[BlackElo "1772"]
[PlyCount "128"]
[EventDate "2013.09.06"]
[EventType "swiss"]
[EventRounds "13"]
[EventCountry "PER"]
[SourceTitle "EXT 2024"]
[Source "ChessBase"]
[SourceDate "2023.10.10"]
[SourceVersion "1"]
[SourceVersionDate "2023.10.10"]
[SourceQuality "1"]

1. e4 c5 2. Nf3 Nc6 3. d4 cxd4 4. Nxd4 e5 5. Nxc6 bxc6 6. Bc4 Nf6 7. 0-0 Bc5 8. Bg5 0-0 9. Qf3 Be7 10. Nc3 a5 11. a3 Qb6 12. Bb3 d6 13. Be3 Qc7 14. h3 Rb8 15. g4 Be6 16. Qd1 Bxb3 17. cxb3 a4 18. b4 Ra8 19. Rc1 Rfb8 20. g5 Ne8 21. Nd5 Qd8 22. Nxe7+ Qxe7 23. Rxc6 Qd7 24. Rc3 Rc8 25. Kh2 Rxc3 26. bxc3 Rc8 27. Qd3 Qc7 28. Rc1 f6 29. gxf6 Nxf6 30. Rg1 Kh8 31. Bd2 Qc6 32. Qg3 g6 33. Qh4 Kg7 34. Qh6+ Kf7 35. Bg5 Qxe4 36. Bxf6 Kxf6 37. Qg5+ Ke6 38. Rg3 Qf4 39. Qxf4 exf4 40. Rd3 d5 41. Kg2 Ke5 42. f3 g5 43. h4 Rg8 44. hxg5 Rxg5+ 45. Kf2 Rg7 46. Rd1 Rc7 47. Rc1 Kd6 48. Ke2 Re7+ 49. Kf2 Re3 50. c4 Rxa3 51. c5+ Kc7 52. b5 Ra2+ 53. Ke1 Rb2 54. Ra1 Rb4 55. Kd2 h5 56. Kc3 Rc4+ 57. Kd3 h4 58. Rh1 Rxc5 59. Rxh4 Rc4 60. Rh6 Rb4 61. Rc6+ Kb7 62. Rc5 a3 63. Rc3 a2 64. Ra3 Rb3+ 0-1

[Event "Tingo Maria UNAS 4th"]
[Site "Tingo Maria"]
[Date "2013.09.07"]
[Round "5.2"]
[White "Sacramento Melendez, Bill Edwin"]
[Black "Valdivia Fabian, Joel"]
[Result "1/2-1/2"]
[WhiteElo "1666"]
[BlackElo "1680"]
[PlyCount "79"]
[EventDate "2013.09.06"]
[EventType "swiss"]
[EventRounds "13"]
[EventCountry "PER"]
[SourceTitle "EXT 2024"]
[Source "ChessBase"]
[SourceDate "2023.10.10"]
[SourceVersion "1"]
[SourceVersionDate "2023.10.10"]
[SourceQuality "1"]

1. d4 Nf6 2. c4 g6 3. Nc3 Bg7 4. e4 d6 5. Nf3 0-0 6. Be2 Nc6 7. 0-0 e5 8. d5 Ne7 9. Bg5 h6 10. Bh4 g5 11. Bg3 Nh5 12. Qc2 f5 13. exf5 Bxf5 14. Bd3 Nxg3 15. hxg3 Qd7 16. Bxf5 Nxf5 17. Ne4 Nd4 18. Nxd4 exd4 19. Rfd1 Qf5 20. Rac1 Rae8 21. f3 g4 22. Rf1 gxf3 23. gxf3 Re6 24. dxe6 Qxe6 25. Rce1 Qg6 26. Kg2 Be5 27. Qd2 Rf4 28. Kf2 Rxe4 29. Rxe4 Qxg3+ 30. Ke2 Qh2+ 31. Rf2 Qh5 32. Rg2+ Kf7 33. Rxe5 dxe5 34. Qb4 Qf5 35. Qxb7 Qc2+ 36. Kf1 Qd1+ 37. Kf2 Qd2+ 38. Kg1 Qe1+ 39. Kh2 Qh4+ 40. Kg1 1/2-1/2